| 000 | 00000nam##2200000za#4500 |
| 001 | 9.641456 |
| 003 | CaOODSP |
| 005 | 20210624223222 |
| 007 | cr ||||||||||| |
| 008 | 150407|2002||||xxc|||||o f|0| 0 fre|d |
| 040 | |aCaOODSP|bfre |
| 043 | |an-cn--- |
| 086 | 1 |aFo4-14/3-2002F-PDF |
| 110 | 1 |aCanada.|bRessources naturelles Canada. |bService canadien des forêts. |
| 245 | 10|aLes forêts du Canada : |h[ressource électronique]|bde la puce au géant / |c[publié par] Association forestière canadienne. |
| 246 | 3 |aTrousse d'enseignement. Volume 3, La biodiversité |
| 260 | |aOttawa - Ontario : |bRessources naturelles Canada. |cc2002. |
| 300 | |a44p.|bfigures, glossaire, ill. |
| 500 | |aL'ISBN (0-9688726-3-8) de l'édition imprimée a été incorrectement copié dans l'édition électronique. |
| 520 | 3 |aOffre aux enseignants les outils nécessaires pour mieux faire comprendre aux jeunes la valeur des forêts et l'importance de les protéger et de les conserver. |
| 590 | |a13-06-Supp|b2013-03-19 |
| 691 | 07|aDiversité biologique|2gcpds |
| 691 | 07|aForêt|2gcpds |
| 775 | 08|tCanada's forests : |w(CaOODSP)9.697410 |
| 776 | 0#|tLes forêts du Canada : |w(CaOODSP)9.684253 |
| 856 | 40|ahttp://publications.gc.ca|qPDF|s1.30 Mo|uhttps://publications.gc.ca/collections/collection_2013/rncan-nrcan/Fo4-14-3-2002-fra.pdf |